00896nam a2200253 a 450000100100000000500170001000800410002702000150006804000250008308200130010810000170012124000320013824501610017026000340033130000210036549000320038650000740041870000170049270000200050970000170052970000280054670000360057483000320061000004203120201002035909.0131111s1996 sp 000 0 spa d a8475094864 aDO-SdBNPbspacBNPHU axxxbxxx1 aSohn, Ardyth00aNewspaper Leadership.leng.13aLa dirección de la empresa periodistica /cArdyth Sohn, Christine Ogan, John Polich ; traducción de Luis Romano Haces ; prólogo Richard J. V. Johnson. aBarcelona :bPaidós,c1996. a208 p. ;c22 cm.1 aPaidós comunicaciónv32 aIncluye referencias bibliográficas y notas al pie de las páginas.12aSohn, Ardyth12aOgan, Christine12aPolich, John12aRomano Haces, Luisetr.12aJohnson, Richard J. V.epról. 0aPaidós comunicaciónn32